000 01124nam a2200241 a 4500
001 54039
003 BD-RjUL
005 20211209080050.0
008 161031s1996 ii ||||| |||| 00| 0 ben d
020 _c: IRs.12.00
035 _a(BD-RjUL)54161
040 _aBD-RjUL
_bben
_cBD-RjUL
_dBD-RjUL
041 _aben
082 _223
_a891.4408
_bDAD 1996
245 1 0 _aদাদাঠাকুর রচনা সমগ্র /
_cসম্পাদনা : জঙ্গীপুর-সংবাদগোষ্ঠী, ভূমিকা : হীরেন চট্টোপাধ্যায়
260 _aকলকাতা :
_bবশ্ববাণী প্রকাশনী,
_c১৯৯৬
300 _a[৩০], ৩২০ পৃ. ;
_c২৩ সেমি.
650 _aবাংলা সাহিত্য
_vসংগ্রহ
_9117445
650 _aBengali literature
_vCollections
_9161344
700 _aজঙ্গীপুর-সংবাদগোষ্ঠী : সম্পদনা
_9161348
700 _aচট্টোপাধ্যায়, হীরেন : ভূমিকা
_9161349
942 _2ddc
_cBK
999 _c54039
_d54039